Cenné papíry

Na minha lista:
Detalhes bibliográficos
Autor principal: Dědič, Jan
Outros Autores: Pauly, Jan
Formato: Livro
Idioma:tcheco
Publicado em: Praha Prospektrum 1994
Edição:1. vyd.
Assuntos:
Tags: Adicionar Tag
Sem tags, seja o primeiro a adicionar uma tag!

MARC

LEADER 00000nam a2200000 4500
001 c004693
005 20221205140356.8
020 |a 80-85431-98-X 
041 0 |a cze 
044 |a CZ 
245 1 0 |a Cenné papíry  |c Jan Dědič, Jan Pauly 
250 |a 1. vyd. 
264 1 |a Praha  |b Prospektrum  |c 1994 
300 |a 220 s. 
610 2 0 |a papiere cenné 
610 2 0 |a akcie 
610 2 0 |a dlhopisy 
610 2 0 |a zmenky 
610 2 0 |a šeky 
610 2 0 |a obchody burzové 
610 2 0 |a makléri 
610 2 0 |a trh finančný 
100 1 |a Dědič, Jan 
700 1 |a Pauly, Jan